Statistics for Best Soccer Players In Fifa 19

Click here to take the quiz!

General Stats

  • This quiz has been taken 136 times
  • The average score is 12 of 15

Answer Stats

ClubPositionOverall RankingPlayer% Correct
JuventusST94Ronaldo
100%
BarcalonaCF94Messi
99%
PSGLW92Neymar Jr.
99%
BarcalonaST91Luis Suárez
88%
Bayern MunichGK90Manuel Neuer
88%
Real MadridCM90Toni Kroos
88%
Man UnitedGK91David de Gea
87%
Man CityCAM91Kevin de Bruyne
87%
ChelseaLW91Eden Hazard
85%
Real MadridCB91Sergio Ramos
85%
Atlético MadridGK90Jan Oblak
84%
Real MadridGK90Courtois
81%
Atlético MadridCB90Diego Godín
71%
Bayern MunichST90Robert Lewandoski
18%
Real MadridCM91Luka Mordic
2%

Score Distribution

Percentile by Number Answered

Percent of People with Each Score

Your Score History

You have not taken this quiz